Feminine roles (Record no. 76089)

MARC details
000 -LEADER
fixed length control field 00604cam a22002291 4500
001 - CONTROL NUMBER
control field sa 67006673
003 - CONTROL NUMBER IDENTIFIER
control field DLC
005 - DATE AND TIME OF LATEST TRANSACTION
control field 20260227112409.0
008 - FIXED-LENGTH DATA ELEMENTS--GENERAL INFORMATION
fixed length control field 750317s1966 xx 000 0 eng
010 ## - LIBRARY OF CONGRESS CONTROL NUMBER
LC control number sa 67006673
035 ## - SYSTEM CONTROL NUMBER
System control number (OCoLC)1220546
040 ## - CATALOGING SOURCE
Original cataloging agency DLC
Transcribing agency TxDW
Modifying agency DLC
042 ## - AUTHENTICATION CODE
Authentication code premarc
050 00 - LIBRARY OF CONGRESS CALL NUMBER
Classification number HQ1121
Item number .V4
082 ## - DEWEY DECIMAL CLASSIFICATION NUMBER
Classification number 301.41/2
100 1# - MAIN ENTRY--PERSONAL NAME
Personal name Venkatarayappa, K. N.
245 10 - TITLE STATEMENT
Title Feminine roles
Statement of responsibility, etc. [by] K.N. Venkatarayappa.
260 ## - PUBLICATION, DISTRIBUTION, ETC.
Place of publication, distribution, etc. Bombay,
Name of publisher, distributor, etc. Popular Prakashan
Date of publication, distribution, etc. [1966]
300 ## - PHYSICAL DESCRIPTION
Extent vi, 139 p.
Dimensions 23 cm.
504 ## - BIBLIOGRAPHY, ETC. NOTE
Bibliography, etc. note Bibliography: p. [123]-127.
650 #0 - SUBJECT ADDED ENTRY--TOPICAL TERM
Topical term or geographic name entry element Women
General subdivision History.

No items available.

Powered by Koha